000
00310nam a22001337a 4500
008
170130b xxu||||| |||| 00| 0 eng d
020
_a
072167562X
041
_a
eng
080
_a
61
100
_a
3
101
_a
SHMI
245
_a
DIAGNOSIS OF BONE AND JOINT DISORDERS
_c
RESNICK & NIWAYAMA
942
_2
udc
_c
BK
999
_c
3955
_d
3955